1537 1068 1904 1674 1937 1899 1115 1844 1392 1918 1645 1207 1560 1707 1279 1877 1596 1975 1573 1936 1106 1136 1039 1396 1781 1210 1208 1436 1711 1066 1415 1806 1888 1511 1427 1971 1281 1755 1087 1752 1464 1292 1380 1440 1873 1080 1450 1297 1665 1800 1255 1626 1877 1856 1530 1831 1569 1667 1853 1040 1614 1011 1006 1403 1118 1764 1972 1910 1769 1812 1372 1294 1767 1892 1067 1344 1051 1746 1665 1729 1352 1156 1882 1172 1831 1951 1628 1144 1205 1013 1968 1954 1713 1076 1850 1160 1299 1525 1382 BCNSPRNW ULIB Ver.6.0+V

เปลี่ยนเป็นภาษาไทย

Change to English
 แสดงรายละเอียดบรรณานุกรม
  กลับหน้าหลัก

Brief Record : Get Marc (ISO 2709) : E-mail record : QR code < ปิดหน้าต่าง
LEADER : 00000nam 2200000uu 4500
001    13399127984
003     ULIB
008    211124s2563||||th 000 0 tha d
020    ^a9786165770415
060 04 ^aWY157^bส724ร
100 0  ^aสินีนาฏ หงษ์ระนัย
245 10 ^aระยะตั้งครรภ์ คลอด และ หลังคลอด : การพยาบาล=^bAntepartum, Intrapartum and Postpartum : Nursing/^cสินีนาฏ หงษ์ระนัย
246 0  ^aAntepartum, Intrapartum and Postpartum : Nursing
250    ^aพิมพ์ครั้งที่ 1
260    ^aกรุงเทพฯ :^bแดเน็กซ์ อินเตอร์คอร์ปอเรชั่น,^c2563.
300    ^a248 หน้า :^bภาพประกอบ ;^c30 ซม.
650  7 ^aการตั้งครรภ์
650  7 ^aการคลอด
650  7 ^aระยะหลังคลอด
650  7 ^aมารดาระยะหลังคลอด
650  7 ^aการพยาบาลสูติศาสตร์
945    ^p340^l0^i29159
945    ^p340^l0^i29160
945    ^p340^l0^i29161
999    ^aกัณชพร จุลอักษร
รายการนี้ยังไม่มีแท็ก
คุณยังไม่ได้ล็อกอิน คุณสามารถมีกิจกรรมร่วมกับเว็บไซต์ได้ แต่ต้องล็อกอินก่อน ::
  ล็อกอิน

รายการสื่อสารสนเทศ

ลำดับที่ ประเภท เลขเรียก/บาร์โค้ด สถานที่ สถานะ
1. หนังสือสำรอง
หนังสือสำรอง
WY157 ส724ร ฉ.1 
  Barcode: 29159
ห้องสมุดวิทยาเขตนครสวรรค์
►หนังสือทั่วไป:l:General Books
บนชั้น
2. วิทยาศาสตร์การแพทย์ และสุขภาพ
วิทยาศาสตร์การแพทย์ และสุขภาพ
WY157 ส724ร ฉ.2 
  Barcode: 29160
ห้องสมุดวิทยาเขตนครสวรรค์
►หนังสือทั่วไป:l:General Books
ถูกยืม กำหนดส่งวันที่ 15 พฤษภาคม 2569
  จอง
3. วิทยาศาสตร์การแพทย์ และสุขภาพ
วิทยาศาสตร์การแพทย์ และสุขภาพ
WY157 ส724ร ฉ.3 
  Barcode: 29161
ห้องสมุดวิทยาเขตนครสวรรค์
►หนังสือทั่วไป:l:General Books
บนชั้น

รายการใกล้เคียง
    ผู้แต่ง [สินีนาฏ หงษ์ระนัย]

    หัวเรื่อง [การตั้งครรภ์]
    หัวเรื่อง [การคลอด]
    หัวเรื่อง [ระยะหลังคลอด]
    หัวเรื่อง [มารดาระยะหลังคลอด]
    หัวเรื่อง [การพยาบาลสูติศาสตร์]

BibComment


ยังไม่เคยถูกคอมเมนท์

คอมเมนท์ทรัพยากรรายการนี้
  คอมเมนท์: ระยะตั้งครรภ์ คล..


 Copyright 2026. Bcnsprnw @Library